00523nam a2200169Ia 450000500170000000800410001702000150005808200130007310000170008624500250010326000470012830000130017550000460018894200060023495200980024099900150033820250701031315.0240331s9999 xx 000 0 und d a9556520163 bWIJa808 aWijesuriya,S 0aVinayak nethi rataka aMulleriyawabWijesooriya Book Centrec2004 a318 p ., aA book on on a country without discipline cL 001040708LaWERCLbWERCLcSSCd2024-03-31l0o 808.84 WIJp6228r2024-03-31w2024-03-31yL c5017d5017